000 01711nam a2200493 i 4500
001 24757
003 KOSZ 005
005 20240405063035.0
008 970510s1995 pl f |000 0 pol
015 _aUWD 1995/8908
020 _a8301117362
035 _a991000124809705066
035 _a(PL-WaBN)b10079361-48omnis_nlop
035 _ab10079361
035 _a(OCoLC)749516976
035 _a(PL)b0000001007936
035 _a(EXLNZ-48OMNIS_NETWORK)9910222261905606
040 _aWA N
_cWA N
_dKOSZ 005/EC
041 _apol
046 _k1995
080 _a338.22(438)"19"(091)
100 1 _aLandau, Zbigniew
_d(1931-2018)
_eAutor
245 1 0 _aPolityka gospodarcza II [Drugiej] RP [Rzeczypospolitej Polskiej] i PRL [Polskiej Rzeczypospolitej Ludowej] /
_cZbigniew Landau, Wojciech Roszkowski.
260 _aWarszawa :
_bWydaw. Naukowe PWN,
_c1995
_e(Wroc. :
_fWDN).
300 _a126, [2] s. ;
_c21 cm.
336 _aTekst
_btxt
_2rdacontent
337 _aBez urządzenia pośredniczącego
_bn
_2rdamedia
338 _aWolumin
_bnc
_2rdacarrier
380 _aKsiążki
380 _aPublikacje naukowe
388 _a1901-2000
388 _a1989-2000
648 7 _a1901-2000
_2DBN
648 7 _a1918-1939
_2DBN
648 7 _a1945-1989
_2DBN
651 7 _aPolska
_2DBN
658 _aGospodarka, ekonomia, finanse
658 _aPolityka, politologia, administracja publiczna
700 1 _aRoszkowski, Wojciech
_d(1947- )
_eAutor
710 2 _aWydawnictwo Naukowe PWN
_4pbl
856 _uhttp://koha.tu.koszalin.pl/cgi-bin/koha/opac-detail.pl?biblionumber=24757
_yKatalog online BPK
942 _2UKD
_cKS
999 _c24757
_d24757